ABC du symbole

Saved in:
Bibliographic Details
Main Author: Sedillot, Carole
Other Authors: Zana, Elisabeth
Format: Book
Language:French
Published: Paris : Grancher, 2007
Series:ABC. Psychologie
Subjects:
Tags: Add Tag
No Tags, Be the first to tag this record!

MARC

LEADER 00000nam a2200000 i 4500
001 1/96199
008 081030s2007 fre d
020 |a 978-2-7339-0946-1 
035 |l 10101239 
040 |a GR-MY-UA  |b gre  |e aacr 
041 0 |a fre 
082 0 |a 150  |2 (22) 
100 1 |a Sedillot, Carole. 
245 1 0 |a ABC du symbole /  |c Carole Sdillot, Elisabeth Zana 
260 |a Paris :   |b Grancher,   |c 2007 
300 |a 461 σ.;  |b εικ.;  |c 2007  
490 1 |a ABC. Psychologie 
650 0 0 |a Psychology. 
700 1 |a Zana, Elisabeth. 
830 0 |a ABC. Psychologie 
852 |a INST  |b LESVOS  |e 20081030  |h 150 SED  |p 005100039804  |q 005100039804  |t BK  |y 0 
901 |a BIBL1-2008-3 
909 |a Λ  |b 151221 
922 |a 1ΕΛΗ  |b 200803  |c ΕΠΕΑΕΚ2/ΤΚΑ  |d ΕΛΕΥΘΕΡΟΥΔΑΚΗΣ 
970 |a ΧΑΤΖΗΜΙΧΑΗΛ  |b ΜΑΡΙΑ  |z 2008/10/30